000 00607nam a22001817a 4500
005 20251108165359.0
008 250721s9999 xx 000 0 ara d
082 1 4 _aم/922.13/ذهب
100 1 _aالذهبي، شمس الدين أبو عبد الله محمد بن أحمد بن عثمان
245 1 0 _aالمغني في الضعفاء /
264 1 _aالدوحه :
_bعبدالله بن إبراهيم الأنصاري،
_c[19-].
300 _a
650 1 7 _aالحديث الشريف
650 1 7 _aالتراجم
650 1 7 _aرواية الحديث
942 _2ddc
_cREF
999 _c26514
_d26514